[Event "Campeonato Absoluto de Catalunya 2005"]
[Site "Barcelona ESP"]
[Date "2005.03.27"]
[Round "8.6"]
[White "Rahal, Michael"]
[Black "Mela, Benjamin"]
[Result "1-0"]
[WhiteElo "2431"]
[BlackElo "2328"]
[PlyCount "83"]
[EventDate "2005.03.20"]
[EventType "swiss"]
[EventRounds "9"]
[EventCountry "ESP"]
[Source "lmi"]
[SourceDate "2005.03.29"]

1. e4 e6 2. d4 d5 3. Nc3 Bb4 4. e5 c5 5. a3 Bxc3+ 6. bxc3 Ne7 7. a4 Nbc6 8. Nf3
Qa5 9. Bd2 Bd7 10. Bb5 Qc7 11. O-O O-O 12. Re1 b6 13. Bd3 h6 14. Qc1 c4 15. Bf1
Kh7 16. g3 f6 17. exf6 Rxf6 18. Bf4 Qb7 19. Ne5 Raf8 20. Nxc6 Qxc6 21. Qa3 Rxf4
22. gxf4 Ng6 23. a5 Rxf4 24. axb6 axb6 25. Re3 e5 26. dxe5 Nxe5 27. Bg2 Qf6 28.
Qa8 Bc6 29. Qb8 Nd7 30. Qc7 Rxf2 31. Rg3 Rxg2+ 32. Rxg2 d4 33. Rf1 Qe6 34. Rg3
Qd5 35. Qf4 Qh1+ 36. Kf2 Qxh2+ 37. Ke1 Qh5 38. cxd4 Qa5+ 39. c3 Qa1+ 40. Kf2
Qb2+ 41. Kg1 Qe2 42. d5 1-0

[Event "Campeonato Absoluto de Catalunya 2005"]
[Site "Barcelona ESP"]
[Date "2005.03.27"]
[Round "8.7"]
[White "Alonso Moyano, Jonathan"]
[Black "Martin Perez, Javier"]
[Result "1-0"]
[WhiteElo "2422"]
[BlackElo "2293"]
[PlyCount "59"]
[EventDate "2005.03.20"]
[EventType "swiss"]
[EventRounds "9"]
[EventCountry "ESP"]
[Source "lmi"]
[SourceDate "2005.03.29"]

1. e4 e6 2. d4 d5 3. Nd2 Nf6 4. e5 Nfd7 5. f4 c5 6. c3 Nc6 7. Ndf3 Qb6 8. g3
cxd4 9. cxd4 Bb4+ 10. Kf2 g5 11. fxg5 Ndxe5 12. Nxe5 Nxe5 13. Kg2 Nc4 14. Nf3
Bd7 15. Bd3 Bf8 16. b3 Nd6 17. Bf4 Bg7 18. Bxd6 Qxd6 19. Qe2 Qb4 20. a3 Qb6 21.
Qe3 Bb5 22. Bxb5+ Qxb5 23. Rac1 O-O 24. h4 Rfc8 25. h5 e5 26. g6 exd4 27. gxf7+
Kh8 28. Nxd4 Qb6 29. Rxc8+ Rxc8 30. Qe8+ 1-0

[Event "Campeonato Absoluto de Catalunya 2005"]
[Site "Barcelona ESP"]
[Date "2005.03.27"]
[Round "8.8"]
[White "Fernandez Aguado, Enrique"]
[Black "Fluvia Poyatos, Jordi"]
[Result "0-1"]
[WhiteElo "2338"]
[BlackElo "2399"]
[PlyCount "24"]
[EventDate "2005.03.20"]
[EventType "swiss"]
[EventRounds "9"]
[EventCountry "ESP"]
[Source "lmi"]
[SourceDate "2005.03.29"]

1. d4 d5 2. c4 e5 3. dxe5 d4 4. Nf3 Nc6 5. g3 Nge7 6. Bg2 Ng6 7. Bg5 Qd7 8. e6
fxe6 9. h4 b6 10. h5 Nge5 11. Nxe5 Nxe5 12. Rh4 Bd6 0-1

[Event "Campeonato Absoluto de Catalunya 2005"]
[Site "Barcelona ESP"]
[Date "2005.03.27"]
[Round "8.9"]
[White "Garcia Jimenez, Fransisco Javier"]
[Black "Perpinya Rofes, Lluis Maria"]
[Result "0-1"]
[WhiteElo "2242"]
[BlackElo "2389"]
[PlyCount "70"]
[EventDate "2005.03.20"]
[EventType "swiss"]
[EventRounds "9"]
[EventCountry "ESP"]
[Source "lmi"]
[SourceDate "2005.03.29"]

1. e4 c5 2. Nc3 Nc6 3. g3 g6 4. Bg2 Bg7 5. d3 e6 6. Nge2 Nge7 7. O-O O-O 8. Be3
Nd4 9. Qd2 d6 10. Rae1 Rb8 11. Nc1 b5 12. Nd1 b4 13. c3 bxc3 14. bxc3 Nb5 15.
Bh6 Bxh6 16. Qxh6 e5 17. Qd2 f6 18. f4 Be6 19. Rf2 Qb6 20. Ref1 Kg7 21. h4 h6
22. Ne3 c4 23. f5 gxf5 24. exf5 Bf7 25. dxc4 Na3 26. Rd1 Nxc4 27. Nxc4 Bxc4 28.
g4 d5 29. Kh1 Rh8 30. Re1 Kf7 31. Bf1 Qc6 32. Bg2 Qc5 33. Re3 Rhg8 34. Rg3 Rb1
35. Kg1 Qa3 0-1

[Event "Campeonato Absoluto de Catalunya 2005"]
[Site "Barcelona ESP"]
[Date "2005.03.27"]
[Round "8.10"]
[White "Vidarte Morales, Arturo"]
[Black "Bautista Sanchez, Joan"]
[Result "1-0"]
[WhiteElo "2378"]
[BlackElo "2235"]
[PlyCount "55"]
[EventDate "2005.03.20"]
[EventType "swiss"]
[EventRounds "9"]
[EventCountry "ESP"]
[Source "lmi"]
[SourceDate "2005.03.29"]

1. c4 Nf6 2. Nc3 e6 3. e4 d5 4. e5 d4 5. exf6 dxc3 6. bxc3 Qxf6 7. Nf3 b6 8. d4
Bb7 9. Bd3 Bxf3 10. gxf3 Nd7 11. Be4 Rd8 12. Qa4 Bd6 13. Ke2 e5 14. Be3 exd4
15. cxd4 O-O 16. Rhg1 h6 17. Rg4 c5 18. Rag1 cxd4 19. Rxg7+ Qxg7 20. Rxg7+ Kxg7
21. Bxd4+ Be5 22. Be3 Bb8 23. Qc6 f6 24. Qe6 Ne5 25. Qf5 Rh8 26. f4 Nd7 27.
Qg6+ Kf8 28. Bd5 1-0

[Event "Campeonato Absoluto de Catalunya 2005"]
[Site "Barcelona ESP"]
[Date "2005.03.28"]
[Round "9.2"]
[White "Barrientos, Sergio"]
[Black "Muñoz Pantoja, Miguel"]
[Result "1/2-1/2"]
[WhiteElo "2432"]
[BlackElo "2424"]
[PlyCount "34"]
[EventDate "2005.03.20"]
[EventType "swiss"]
[EventRounds "9"]
[EventCountry "ESP"]
[Source "lmi"]
[SourceDate "2005.03.29"]

1. e4 c5 2. Nf3 Nc6 3. d4 cxd4 4. Nxd4 Nf6 5. Nc3 e5 6. Ndb5 d6 7. Bg5 a6 8.
Na3 b5 9. Nd5 Qa5+ 10. Bd2 Qd8 11. Bg5 Qa5+ 12. Bd2 Qd8 13. Bd3 Nxd5 14. exd5
Ne7 15. c4 g6 16. cxb5 Bg7 17. O-O O-O 1/2-1/2

[Event "Campeonato Absoluto de Catalunya 2005"]
[Site "Barcelona ESP"]
[Date "2005.03.28"]
[Round "9.3"]
[White "Perpinya Rofes, Lluis Maria"]
[Black "Parligras, Mircea"]
[Result "0-1"]
[WhiteElo "2389"]
[BlackElo "2567"]
[PlyCount "48"]
[EventDate "2005.03.20"]
[EventType "swiss"]
[EventRounds "9"]
[EventCountry "ESP"]
[Source "lmi"]
[SourceDate "2005.03.29"]

1. e4 c5 2. Nf3 d6 3. d4 cxd4 4. Nxd4 Nf6 5. Nc3 Nc6 6. Bg5 e6 7. Qd3 Qb6 8.
O-O-O a6 9. Be2 Bd7 10. f4 Nxd4 11. Qxd4 Qxd4 12. Rxd4 Bc6 13. Bf3 Nd7 14. Nd5
Rc8 15. Re1 h6 16. Bh4 g5 17. fxg5 hxg5 18. Bxg5 Rxh2 19. Rd2 b5 20. e5 Bxd5
21. Rxd5 Nxe5 22. Rdxe5 dxe5 23. Bb7 Rc5 24. Be3 Bh6 0-1

[Event "Campeonato Absoluto de Catalunya 2005"]
[Site "Barcelona ESP"]
[Date "2005.03.28"]
[Round "9.4"]
[White "Gonzalez Garcia, Jose"]
[Black "Vidarte Morales, Arturo"]
[Result "1/2-1/2"]
[WhiteElo "2470"]
[BlackElo "2378"]
[PlyCount "112"]
[EventDate "2005.03.20"]
[EventType "swiss"]
[EventRounds "9"]
[EventCountry "ESP"]
[Source "lmi"]
[SourceDate "2005.03.29"]

1. d4 f5 2. g3 Nf6 3. Nf3 g6 4. c4 Bg7 5. b4 O-O 6. Bg2 d6 7. Bb2 c6 8. O-O Kh8
9. Nbd2 Be6 10. a4 Bg8 11. Qc2 Nbd7 12. b5 Rc8 13. Ne1 Qe8 14. bxc6 bxc6 15.
Nd3 g5 16. e4 fxe4 17. Nxe4 Nxe4 18. Bxe4 d5 19. Bg2 dxc4 20. Nc5 Nxc5 21. dxc5
Bd5 22. Bxg7+ Kxg7 23. Qc3+ Kg8 24. Qe5 e6 25. Qxg5+ Qg6 26. Qe5 Qf6 27. Qxf6
Rxf6 28. Rab1 Rff8 29. Rb7 a5 30. Rb6 Bxg2 31. Kxg2 Rf5 32. Re1 Rxc5 33. Rxe6
Kf7 34. Re3 c3 35. Rb1 c2 36. Rc1 Re8 37. Kf3 Rc4 38. Rxe8 Kxe8 39. Ke3 Kd7 40.
Kd3 Rxa4 41. Rxc2 Kd6 42. Rb2 Kd5 43. Rb7 Ra3+ 44. Kc2 Kc4 45. Rxh7 Ra2+ 46.
Kb1 Rxf2 47. h4 Rg2 48. Rg7 Rh2 49. Rf7 c5 50. Rf4+ Kb3 51. Rf3+ Kb4 52. Rf8
Rg2 53. Rg8 Rh2 54. Rh8 a4 55. h5 Rh1+ 56. Ka2 Rh2+ 1/2-1/2

[Event "Campeonato Absoluto de Catalunya 2005"]
[Site "Barcelona ESP"]
[Date "2005.03.28"]
[Round "9.5"]
[White "Hernando Rodrigo, Jose Maria"]
[Black "Narciso Dublan, Marc"]
[Result "0-1"]
[WhiteElo "2358"]
[BlackElo "2458"]
[PlyCount "110"]
[EventDate "2005.03.20"]
[EventType "swiss"]
[EventRounds "9"]
[EventCountry "ESP"]
[Source "lmi"]
[SourceDate "2005.03.29"]

1. d4 e6 2. Nf3 f5 3. c4 Nf6 4. Nc3 Bb4 5. Bd2 O-O 6. g3 b6 7. Bg2 Bb7 8. O-O
Qe8 9. a3 Bxc3 10. Bxc3 Be4 11. Rc1 Nc6 12. d5 Nd8 13. Qb3 a5 14. Rfd1 Nb7 15.
dxe6 Nc5 16. Qa2 dxe6 17. Be5 Qe7 18. a4 Ng4 19. Bc3 Rfd8 20. b3 Rxd1+ 21. Rxd1
Rd8 22. Rxd8+ Qxd8 23. Nd2 Bxg2 24. Kxg2 h5 25. Kg1 h4 26. b4 axb4 27. Bxb4 Ne4
28. Nxe4 fxe4 29. Qc2 Qf6 30. Be1 Qa1 31. Qd2 hxg3 32. hxg3 Kh7 33. a5 Ne5 34.
axb6 cxb6 35. Kg2 Nxc4 36. Qb4 Qd4 37. Bc3 Qd5 38. Qb1 Qf5 39. Qa1 e3 40. f4 e5
41. Bxe5 Nxe5 42. fxe5 Qf2+ 43. Kh3 Qxe2 44. Qb1+ Kh8 45. Qf5 Qf2 46. Qh5+ Kg8
47. Qe8+ Qf8 48. Qe6+ Qf7 49. Qxb6 e2 50. Qb8+ Qf8 51. Qb3+ Kh8 52. Qc3 Qf1+
53. Kh2 Qf2+ 54. Kh3 e1=Q 55. Qc8+ Kh7 0-1

[Event "Campeonato Absoluto de Catalunya 2005"]
[Site "Barcelona ESP"]
[Date "2005.03.28"]
[Round "9.6"]
[White "Iglesias, Jorge"]
[Black "Rahal, Michael"]
[Result "1/2-1/2"]
[WhiteElo "2351"]
[BlackElo "2431"]
[PlyCount "160"]
[EventDate "2005.03.20"]
[EventType "swiss"]
[EventRounds "9"]
[EventCountry "ESP"]
[Source "lmi"]
[SourceDate "2005.03.29"]

1. e4 e6 2. d4 d5 3. Nc3 Bb4 4. e5 c5 5. a3 Ba5 6. b4 cxd4 7. Qg4 Ne7 8. Qxg7
Rg8 9. Qxh7 dxc3 10. bxa5 Qxa5 11. Nf3 Nbc6 12. Bf4 Qa4 13. g3 Bd7 14. Bd3
O-O-O 15. Ng5 Ng6 16. Bxg6 Rxg6 17. O-O Rdg8 18. h4 Nd4 19. Kh2 Bb5 20. Rfc1
R6g7 21. Qh6 Rg6 22. Qh7 R6g7 23. Qh6 Nf5 24. Qh5 Bc6 25. Rab1 d4 26. Qe2 d3
27. cxd3 Nxh4 28. Ne4 Nf5 29. Rxc3 Kb8 30. Kg2 Nd4 31. Qe3 Nf5 32. Qe2 Ne7 33.
Bd2 Qd4 34. Rc4 Qxe5 35. Rxc6 Nxc6 36. Bc3 Qc7 37. Bxg7 Rxg7 38. Nc5 Qd6 39.
Qb2 Qd5+ 40. f3 f6 41. Na6+ Kc8 42. Qxf6 Rd7 43. Nb4 Nxb4 44. axb4 b6 45. Rc1+
Kb7 46. Qc3 a6 47. Qc8+ Ka7 48. Ra1 Rb7 49. Ra3 Qd4 50. Qc3 Qd6 51. Qa1 b5 52.
Qg1+ Ka8 53. Rc3 Kb8 54. Qc5 Qxc5 55. Rxc5 Rd7 56. Rc3 Rd4 57. Ra3 Kb7 58. Rb3
Kc6 59. Kf2 Kd5 60. Ke3 e5 61. g4 Rf4 62. Ra3 Rxb4 63. Rxa6 Rb1 64. g5 Rg1 65.
g6 Kc5 66. Ke4 b4 67. Kf5 Kb5 68. Ra8 Rg3 69. Kf6 Rxf3+ 70. Kxe5 Rg3 71. Kf6
Rxd3 72. g7 Rg3 73. Rb8+ Kc4 74. g8=Q+ Rxg8 75. Rxg8 b3 76. Ke5 b2 77. Rg1 Kc3
78. Ke4 Kc2 79. Rg2+ Kc1 80. Rg1+ Kc2 1/2-1/2

[Event "Campeonato Absoluto de Catalunya 2005"]
[Site "Barcelona ESP"]
[Date "2005.03.28"]
[Round "9.7"]
[White "Panelo, Marcelo"]
[Black "Alonso Moyano, Jonathan"]
[Result "1-0"]
[WhiteElo "2379"]
[BlackElo "2422"]
[PlyCount "101"]
[EventDate "2005.03.20"]
[EventType "swiss"]
[EventRounds "9"]
[EventCountry "ESP"]
[Source "lmi"]
[SourceDate "2005.03.29"]

1. d4 d5 2. Nf3 g6 3. c4 dxc4 4. e4 Bg7 5. Bxc4 e6 6. O-O Ne7 7. Nc3 O-O 8. Bf4
a6 9. Rc1 b5 10. Bb3 Bb7 11. d5 exd5 12. Nxd5 Bxd5 13. exd5 Ra7 14. Re1 Nf5 15.
Qc2 Nd6 16. Ne5 Re8 17. h3 Re7 18. Re2 a5 19. a3 a4 20. Ba2 Qf8 21. Rce1 Ra8
22. Qd3 Na6 23. Nc6 Rxe2 24. Qxe2 Bf6 25. Ne7+ Kh8 26. g4 Qg7 27. Bxd6 cxd6 28.
Qxb5 Nc5 29. Qc6 Rd8 30. Qb6 Qf8 31. Nc6 Rc8 32. b4 axb3 33. Bxb3 Ra8 34. a4
Nxa4 35. Bxa4 Rxa4 36. Qc7 h5 37. Qd7 Ra1 38. Rxa1 Bxa1 39. gxh5 gxh5 40. Kf1
Bf6 41. Kg2 Kh7 42. Kf3 Kh6 43. Qf5 Bg5 44. Nd4 Qg7 45. Qe4 Qf6+ 46. Kg2 Kg7
47. Nf5+ Kf8 48. h4 Bc1 49. Ng3 Qg6 50. Qd4 Bh6 51. Qh8+ 1-0

[Event "Campeonato Absoluto de Catalunya 2005"]
[Site "Barcelona ESP"]
[Date "2005.03.28"]
[Round "9.8"]
[White "Gual Pascual, Antonio"]
[Black "Hernando Rodrigo, Julio A"]
[Result "1-0"]
[WhiteElo "2421"]
[BlackElo "2352"]
[PlyCount "79"]
[EventDate "2005.03.20"]
[EventType "swiss"]
[EventRounds "9"]
[EventCountry "ESP"]
[Source "lmi"]
[SourceDate "2005.03.29"]

1. d4 Nf6 2. c4 e6 3. Nc3 Bb4 4. e3 O-O 5. Bd3 d5 6. Nf3 c5 7. O-O Nc6 8. a3
Bxc3 9. bxc3 dxc4 10. Bxc4 Qc7 11. Ba2 e5 12. h3 e4 13. Nh2 Ne7 14. c4 Rd8 15.
d5 b5 16. Bb2 bxc4 17. Bxf6 gxf6 18. Bxc4 Qe5 19. Ng4 Bxg4 20. Qxg4+ Kh8 21. d6
Rxd6 22. Bxf7 Rf8 23. Bc4 f5 24. Qf4 Qxf4 25. exf4 Rfd8 26. Rfc1 Rd2 27. Rab1
R8d7 28. Bf1 Rc7 29. Rb5 Rd5 30. a4 Kg7 31. a5 Nc8 32. Bc4 Nd6 33. Bxd5 Nxb5
34. Kf1 Nd4 35. a6 Kf6 36. Rb1 Ke7 37. Rb7 Kd6 38. g4 Nb5 39. Bg8 fxg4 40. hxg4
1-0

[Event "Campeonato Absoluto de Catalunya 2005"]
[Site "Barcelona ESP"]
[Date "2005.03.28"]
[Round "9.9"]
[White "Fluvia Poyatos, Jordi"]
[Black "Montilla Carrillo, Esteban"]
[Result "1-0"]
[WhiteElo "2399"]
[BlackElo "2267"]
[PlyCount "83"]
[EventDate "2005.03.20"]
[EventType "swiss"]
[EventRounds "9"]
[EventCountry "ESP"]
[Source "lmi"]
[SourceDate "2005.03.29"]

1. e4 c5 2. Nf3 d6 3. d4 cxd4 4. Nxd4 Nf6 5. Nc3 a6 6. Be3 e5 7. Nb3 Be6 8. f3
Nbd7 9. g4 h6 10. Qd2 b5 11. O-O-O Nb6 12. Qf2 Nfd7 13. Kb1 Rb8 14. Na5 Qc7 15.
Qe1 Rc8 16. Ka1 Na4 17. Nxa4 bxa4 18. c4 Be7 19. Bd3 Bd8 20. Bd2 h5 21. g5 g6
22. h4 O-O 23. Bc3 Rb8 24. Bc2 Nb6 25. b3 Be7 26. Qd2 Rfc8 27. Rc1 axb3 28.
axb3 Bf8 29. f4 Bg4 30. Rhf1 Nd7 31. f5 Nb6 32. Bb1 gxf5 33. exf5 d5 34. cxd5
Qc5 35. g6 Nxd5 36. gxf7+ Kxf7 37. Bxe5 Qa3+ 38. Ba2 Rxc1+ 39. Rxc1 Rb5 40. Nc6
Rc5 41. Rxc5 Qxc5 42. b4 1-0

[Event "Campeonato Absoluto de Catalunya 2005"]
[Site "Barcelona ESP"]
[Date "2005.03.28"]
[Round "9.10"]
[White "Gonzalez Rodriguez, Jorge A"]
[Black "Sanfeliu Fabregas, Albert"]
[Result "1-0"]
[WhiteElo "2367"]
[BlackElo "2081"]
[PlyCount "91"]
[EventDate "2005.03.20"]
[EventType "swiss"]
[EventRounds "9"]
[EventCountry "ESP"]
[Source "lmi"]
[SourceDate "2005.03.29"]

1. b3 d5 2. e3 Bf5 3. Bb2 e6 4. Nf3 Nd7 5. Be2 Ngf6 6. Nh4 Bd6 7. d3 O-O 8.
Nxf5 exf5 9. g3 Re8 10. O-O Qe7 11. Bf3 Be5 12. d4 Bd6 13. c4 c6 14. Nc3 Qe6
15. Qd3 Ne4 16. Rac1 Rac8 17. Rc2 Ndf6 18. Rfc1 h5 19. Ne2 g5 20. Bg2 h4 21. f3
hxg3 22. fxe4 gxh2+ 23. Kh1 fxe4 24. Qd2 Ng4 25. Rf1 f5 26. Bc1 Rf8 27. Qe1 Qh6
28. cxd5 cxd5 29. Rxc8 Rxc8 30. Qa5 Qe6 31. Bh3 Kg7 32. Bxg4 fxg4 33. Ba3 Rc2
34. Bxd6 Qxd6 35. Qe1 Rxa2 36. Ng3 Kg6 37. Qb1 Qa6 38. Qd1 Qe6 39. Qe1 Qd6 40.
b4 Qc7 41. Rf2 Qxg3 42. Rf6+ Kxf6 43. Qxg3 Kf5 44. Qe5+ Kg6 45. Qxd5 Rf2 46.
Qxe4+ 1-0